Thực hành động vật không xương sống
Giới thiệu các dụng cụ và phương pháp nghiên cứu nuôi dưỡng, giải phẫu động vật không xương sống, Kỹ năng thực hành phân giới động vật nguyên sinh, phân giới động vật đa bào, động vật cận đa bào, khoá định loại các loài giun đất phổ...
Đã lưu trong:
| Príomhúdar: | |
|---|---|
| Formáid: | Leabhar |
| Teanga: | Undetermined |
| Foilsithe: |
Hà Nội
Nxb. Đại học Sư phạm
2016
|
| Ábhair: | |
| Clibeanna: |
Cuir Clib Leis
Gan Chlibeanna, Bí ar an gcéad duine leis an taifead seo a chlibeáil!
|
| Thư viện lưu trữ: | Trung tâm Học liệu Trường Đại học Cần Thơ |
|---|
| LEADER | 01164nam a2200217Ia 4500 | ||
|---|---|---|---|
| 001 | CTU_224095 | ||
| 008 | 210402s9999 xx 000 0 und d | ||
| 020 | |c 65000 | ||
| 082 | |a 592 | ||
| 082 | |b Nh561 | ||
| 100 | |a Đỗ, Văn Nhượng | ||
| 245 | 0 | |a Thực hành động vật không xương sống | |
| 245 | 0 | |c Đỗ Văn Nhượng | |
| 260 | |a Hà Nội | ||
| 260 | |b Nxb. Đại học Sư phạm | ||
| 260 | |c 2016 | ||
| 520 | |a Giới thiệu các dụng cụ và phương pháp nghiên cứu nuôi dưỡng, giải phẫu động vật không xương sống, Kỹ năng thực hành phân giới động vật nguyên sinh, phân giới động vật đa bào, động vật cận đa bào, khoá định loại các loài giun đất phổ biến ở đồng bằng Việt Nam. các bộ côn trùng, định loại trai ốc nước mặn phổ biến | ||
| 650 | |a Động vật không xương sống,Invertebrates | ||
| 904 | |i Tuyến | ||
| 910 | |b tttuyen | ||
| 980 | |a Trung tâm Học liệu Trường Đại học Cần Thơ | ||